Избранное: Пер. с венг.

Dades bibliogràfiques
Autor principal: Круди Д. Дюла
Altres autors: Середа В. (составитель), Россиянов О. (автор предисловия)
Idioma:rus
Publicat: Москва, Художественная литература, 1987
Matèries:
Format: MixedMaterials Llibre
KOHA link:https://koha.lib.tpu.ru/cgi-bin/koha/opac-detail.pl?biblionumber=127517

MARC

LEADER 00000nam0a2200000 4500
001 127517
005 20231031132255.0
020 |a RU  |b 87-75952 
035 |a (RuTPU)RU\TPU\book\137954 
090 |a 127517 
100 |a 20071217d1987 m y0rusy5003 ca 
101 1 |a rus  |c hun 
102 |a RU 
105 |a a z 000ay 
200 1 |a Избранное  |e Пер. с венг.  |f Д. Круди  |g сост. В. Середа ; авт. предисл. О. Россиянов 
210 |a Москва  |c Художественная литература  |d 1987 
215 |a 383 с., [9] л. ил.  |d 22 см 
327 1 |a Содерж.: Семь сов: Роман; В краю грез: Повесть; Путешествия Синдбада; Рассказы: Сон Гаалов; Душа Корвина; Souvenir de Pesth; Радость бедняков; Приезд Кларанс; Часовой; Барышня и дикие гуси, и др. 
610 1 |a Венгрия 
610 1 |a романы 
610 1 |a повести 
610 1 |a рассказы 
675 |a 89Д-2  |z rus 
700 1 |a Круди  |b Д.  |g Дюла  |4 070 
702 1 |a Середа  |b В.  |4 220 
702 1 |a Россиянов  |b О.  |4 080 
801 0 |a RU  |b RuMRKP  |c 19950417  |g psbo 
801 1 |a RU  |b 63413507  |c 20071217  |g PSBO 
801 2 |a RU  |b 63413507  |c 20071217  |g PSBO 
942 |c BK